Statistics for Biggest metro areas in the US

Click here to take the quiz!

General Stats

  • This quiz has been taken 70 times
  • The average score is 18 of 20

Answer Stats

PopulationMetro Area% Correct
7,066,141Houston/The Woodlands/Sugar Land
100%
19,216,182New York/Newark/Jersey City
100%
9,458,539Chicago/Naperville/Elgin
98%
7,573,136Dallas/Fort Worth/Arlington
98%
13,214,799Los Angeles/Long Beach/Anaheim
98%
6,166,488Miami/Fort Lauderdale/Pompano Beach
98%
4,731,803San Francisco/Oakland/Berkeley
98%
6,280,487Washington/Arlington/Alexandria
98%
3,979,845Seattle/Tacoma/Bellevue
96%
6,020,364Atlanta/Sandy Springs/Alpharetta
93%
6,102,434Philadelphia/Camden/Wilmington
93%
4,873,019Boston/Cambridge/Newton
91%
4,948,203Phoenix/Mesa/Chandler
89%
3,338,330San Diego/Chula Vista/Carlsbad
87%
2,803,228St. Louis
87%
2,967,239Denver/Aurora/Lakewood
84%
4,319,629Detroit/Warren/Dearborn
84%
3,654,908Minneapolis/St. Paul/Bloomington
82%
3,194,831Tampa/St. Petersburg/Clearwater
76%
4,650,631San Bernardino/Riverside/Ontario
47%

Score Distribution

Percentile by Number Answered

Percent of People with Each Score

Your Score History

You have not taken this quiz